000
00258nam a2200109Ia 4500
008
231212s1997 xx 000 0 und d
041
_a
eng
082
_a
621.382
100
_a
Andrew S. T.
245
_a
Computer Networks
260
_a
New Delhi
_b
Mc Graw
_c
1997
999
_c
964778
_d
964778